000
00313nam a22001337a 4500
003
SGT
082
_a
370
_b
E11T
100
_a
TALWAR, KAMLESHWAR
245
_a
EDUCATIONAL VALUE AND SUSTAINABLE DEVELOPMENT
260
_a
NEW DELHI
_b
ADHYAYAN PUB
_c
2011
300
_a
263
650
_a
EDUCATION
942
_2
ddc
_c
BK
_0
1
999
_c
12323
_d
12323